International Marketing

Bibliographic Details
Main Authors: Križanová, Anna, 1960- (Author), Majerová, Jana (Author), Ivánková, Katarína (Author), Kolenčík, Juraj (Author)
Corporate Author: Education Training & Consulting company (Translator)
Format: Book
Language:English
Slovak
PhysicalDescription:207 s. grafy, tab. 26 cm
Published: Bratislava Dolis 2015
ISBN:9788081810121
Edition:1st ed.
Subjects:

MARC

LEADER 00000nam a2200000 a 4500
001 vtls011536152
003 SK-MaSNL
005 20260302051634.0
008 181130s2015 xo da e n 000 0 eng
015 |a SNBA2016/04 
020 |a 9788081810121  |q (viaz.) 
035 |a urn:nbn:sk:snk-am00bd0x 
035 |a urn:nbn:sk:snk-am3h9kj 
035 |a 55119A71-83CA-4923-9CBE-E80DC6FD023C 
040 |a SNK  |b slo  |c SNK  |e AACR2 
041 1 |a eng  |h slo 
044 |a xo  |c SK 
072 7 |a 658  |x Riadenie a správa podniku  |2 konspekt 
080 |a 658.8:339.564  |2 2011 
080 |a (075.8)  |2 2011 
245 0 0 |a International Marketing  |c Anna Križanová ... [et al.] ; [translation: Education Training & Consulting company a.s.] 
250 |a 1st ed. 
260 |a Bratislava  |b Dolis  |c 2015 
300 |a 207 s.  |b grafy, tab.  |c 26 cm 
366 |e 150 výt. 
500 |a Tir. aj slov. 
504 |a Bibliogr.: s. 206-207 ; bibliogr. odkazy ; pozn. 
650 0 7 |a medzinárodný marketing  |2 SNKPH  |9 1392 
650 0 7 |a Export marketing  |2 SNKPHeng  |9 302917 
655 7 |a učebnice vysokých škôl  |2 SNKPH  |9 70191 
655 7 |a Textbooks (higher)  |2 SNKPHeng  |9 276436 
700 1 |a Križanová, Anna,  |d 1960-  |4 aut  |9 184230 
700 1 |a Majerová, Jana  |4 aut  |9 485991 
700 1 |a Ivánková, Katarína  |4 aut  |9 548486 
700 1 |a Kolenčík, Juraj  |4 aut  |9 6610 
710 2 |a Education Training & Consulting company  |4 trl  |9 421901 
919 |a 978-80-8181-012-1 
958 |a NB 
958 |a OP 
968 |a Eng  |b SLO 
999 |c 1101978  |d 1103908 
952 |a SNK  |b SNK  |y PREZ  |7 0  |p 17A1183747  |o snkSB 89843  |i snk2016/7837  |8 0  |0 0  |1 0  |4 0  |d 2016-03-21  |f 1  |l 0  |r 2025-05-12 00:00:00  |w 2026-02-24 
952 |a SNK  |b SNK  |y VYP  |7 0  |p 17A1183748  |o snkSB 89843 D1  |i snk2016/7838  |8 0  |0 0  |1 0  |4 0  |d 2016-03-21  |l 0  |r 2026-02-24 17:34:03  |w 2026-02-24